书目信息 |
| 题名: |
游泳
|
|
| 作者: | 温仲华 编著 | |
| 分册: | ||
| 出版信息: | 北京 北京体育大学出版社 2000.03 |
|
| 页数: | 274页 | |
| 开本: | 32开 | |
| 丛书名: | ||
| 单 册: | ||
| 中图分类: | G861.1 | |
| 科图分类: | ||
| 主题词: | 水上运动 , 冰上运动 , 雪上运动 | |
| 电子资源: | ||
| ISBN: | 7-81051-279-X | |
| 000 | 00584nam0 2200217 45 | |
| 001 | 0012121034 | |
| 005 | 20010416104616.3 | |
| 010 | @a7-81051-279-X@d18.80元 | |
| 100 | @a20001212d2000 km y0chiy0120 ea | |
| 101 | 0 | @achi |
| 105 | @a z 000yy | |
| 200 | 1 | @a游泳@AYou Yong@f温仲华等编著@FWen Zhong Hua Deng Bian Zhu |
| 210 | @a北京@c北京体育大学出版社@d2000.03 | |
| 215 | @a274页@d32开 | |
| 606 | 0 | @a水上运动 |
| 606 | 0 | @a冰上运动 |
| 606 | 0 | @a雪上运动 |
| 690 | @aG861.1@v3 | |
| 701 | 0 | @a温仲华@4编著 |
| 801 | @aCN@bPftUser@c20001212 | |
| 905 | @dG861.1@eW337@b338702-703@f2 | |
| 游泳/温仲华等编著.-北京:北京体育大学出版社,2000.03 |
| 274页;32开 |
| ISBN 7-81051-279-X:18.80元 |
| ● |
| 相关链接 |
|
|
|
正题名:游泳
索取号:G861.1/W337
 
预约/预借
| 序号 | 登录号 | 条形码 | 馆藏地/架位号 | 状态 | 备注 |
| 1 | 338702 | 203387021 | 体育教学部资料室/ [索取号:G861.1/W337] | 在馆 | |
| 2 | 338703 | 203387030 | 社科库409/409社科库 26排3列4层/ [索取号:G861.1/W337] | 在馆 |